Word Ladder: Divided Country Quiz Stats

 Plays Quiz Updated Oct 23, 2018

Score 0/20 Timer 03:00
1 Play Today
Clue 4-Letter Word % Correct
Time before the presentPAST
97.9%
Central part of the front of the handPALM
94.3%
Desire somethingWANT
94%
Component of somethingPART
93.7%
Very light in colorPALE
92.9%
What dogs do when they are hotPANT
92.8%
A single sheet of glass in a windowPANE
92.7%
A growth of neck hair on some animalsMANE
90.3%
Attended a partyWENT
88.7%
Long-lasting hairstylePERM
87.6%
Clue 4-Letter Word % Correct
Bull or tom, e.g.MALE
87.5%
Popular sandwich option: chicken ____PARM
87.1%
A large number of something*MANY*
86.6%
Disease causing microorganism*GERM*
85.2%
Titanic actor BillyZANE
80.7%
Attractively livelyPERT
79.3%
Quirky or crazyZANY
79%
Goldfinger actor ____ FröbeGERT
75.3%
*With [Rung 6] and [Rung 13], a Cold War-era neighbor**EAST*
61.9%
*With [Rung 6] and [Rung 13], a Cold War-era neighbor**WEST*
61.1%

Today's Daily Dose

Missing Word
Celine Dion

Word Ladder
Dr. Seuss Books

Quick Pick
Cities in India

Get the Picture
'A' Actresses

You're not logged in!

Compare scores with friends on all Sporcle quizzes.
OR
Log In

Sporcle TV

Today on Sporcle TV


Watch our educational content, quiz creation guides, and fun videos on Sporcle TV.

Show Comments

Extras

Top Quizzes Today


Score Distribution

Your Account Isn't Verified!

In order to create a playlist on Sporcle, you need to verify the email address you used during registration. Go to your Sporcle Settings to finish the process.

Report this User

Report this user for behavior that violates our Community Guidelines.

Details: